Elements Of Workshop Technology (Record no. 164630)

MARC details
000 -LEADER
fixed length control field 00486nam a2200181Ia 4500
008 - FIXED-LENGTH DATA ELEMENTS--GENERAL INFORMATION
fixed length control field 230612s9999 xx 000 0 und d
041 ## - LANGUAGE CODE
Language code of text/sound track or separate title eng
082 ## - DEWEY DECIMAL CLASSIFICATION NUMBER
Classification number 621.7 CHO
100 ## - MAIN ENTRY--PERSONAL NAME
Personal name Choudhury S.K.H.
245 ## - TITLE STATEMENT
Title Elements Of Workshop Technology
Remainder of title Machine Tools II
260 ## - PUBLICATION, DISTRIBUTION, ETC. (IMPRINT)
Date of publication, distribution, etc. 1978
Name of publisher, distributor, etc. Media Promoters & Publishers
300 ## - PHYSICAL DESCRIPTION
Extent 572
365 ## - TRADE PRICE
Currency code Rs.
500 ## - GENERAL NOTE
Keywords W. 2003-04
700 ## - ADDED ENTRY--PERSONAL NAME
Personal name Choudhury S.K.H. & Others
9 (RLIN) 184366
906 ## - LOCAL DATA ELEMENT F, LDF (RLIN)
d B:17-Mar-2008
c MECH
Holdings
Withdrawn status Lost status Damaged status Not for loan Home library Current library Date acquired Vendor Budget Code Full call number Barcode Date last seen Bill Date Koha item type Original Barcode
Withdrawn       Cummins College of Engineering for Women Pune Cummins College of Engineering for Women Pune 02/12/1991 Masurkar Enterprises MECH 621.7 CHO CCEP-BK-347 12/06/2023 17/03/2008 Books 000347